KOHA-Header-6

How to Prevent Small Business Fraud (Record no. 9018)

000 -LEADER
fixed length control field 00284nam a2200109Ia 4500
100 ## - MAIN ENTRY--AUTHOR NAME
Personal name ACFE Association
245 #0 - TITLE STATEMENT
Title How to Prevent Small Business Fraud
260 ## - PUBLICATION, DISTRIBUTION, ETC. (IMPRINT)
Place of publication New Delhi
Name of publisher ACFE Association
Year of publication 1993
300 ## - PHYSICAL DESCRIPTION
Number of Pages 750
942 ## - ADDED ENTRY ELEMENTS (KOHA)
Koha item type Books
Holdings
Withdrawn status Lost status Collection code Permanent Location Current Location Shelving location Date acquired Full call number Accession Number Koha item type
    Banking MAJU MAJU Shelf No.A45 2019-09-14 658.848 4301 Banking

Powered by Koha